000 00382nam a2200145Ia 4500
008 240624s9999 xx 000 0 und d
041 _aeng
082 _a300.72 MAX
100 _aMAXWELL JOSEPH A
245 _aQUALITATIVE RESEARCH DESIGN AN INTERACTI
250 _a(3rd ed.)
260 _c2013
_aLondon
_bSage Publications
300 _axi, : 218 : p. : cm. ; 23
365 _c
_b26
999 _c20742
_d20742